00753cam a22002053a 45000010005000000030006000050050017000110080041000280400015000690420007000840500009000911000057001002450197001572600029003545060030003835160020004136530045004338300028004788560041005062517PGUSA20140828083015.0010201s2001||||xxu|||||s|||||000 | eng d aPGUSAbeng adc 4aE4561 aMcClure, Alexander K.q(Alexander Kelly),d1828-190910aLincoln's Yarns and Stories :bA Complete Collection of the Funny and Witty Anecdotes That Made Lincoln Famous as America's Greatest Story Tellerh[electronic resource] /cAlexander K. McClure bProject Gutenberg,c2001 aPublic domain in the USA. aElectronic text aLincoln, Abraham, 1809-1865 -- Anecdotes 0aProject Gutenbergv251740uhttp://www.gutenberg.org/ebooks/2517